Представление документа в формате RUSMARC

ПолеНазваниеЗначение
  Тип записи a
  Библиографический уровень m
001 Контрольный номер RU/REG73/CBS_GRAD/68b1381f34b447569aca3e7955223dfd
005 Дата корректировки 20260119144530.7
100 Данные общей обработки __
a Данные общей обработки 20260119a2025####|||u0rusy0189 ca
101 Язык документа 0_
a Язык текста rus
102 Страна публикации __
a Страна публикации RU
200 Заглавие и сведения об ответственности 1_
a Заглавие № 6 (ноябрь-декабрь)
210 Выходные данные 1_
d Дата издания 2025
461 Уровень набора _0
1 2001
a Славянка
e православный женский журнал
f учредитель Р.В. Тимченко
v № 6 (ноябрь-декабрь)
1 2101
a М.
d 2006 -
1 001RU/УОНБ/EK/507634989
1 011
a 2077-6373
1 300
a Выходит 6 раз в год
1 333
a 12+
801 Источник записи _0
a Страна RU
b Организация RuCBSGrad
c Дата составления 20260119
g Правила каталогизации RCR
801 Источник записи _1
a Страна RU
b Организация RuCBSGrad
c Дата составления 20260119
g Правила каталогизации RCR
852 Данные о местонахождении __
a Наименование организации МБУК ЦБС г. Димитровграда
901 Тип документа __
t Тип документа s
w Контрольный № источника RU/УОНБ/EK/507634989
909 Создатель записи __
a Создатель записи Тенигина
b Дата создания записи 20260119